| Tag |
First Indicator |
Second Indicator |
Subfields |
| LEADER |
00000cam a2200000Ma 4500 |
| 001 |
in00004515708 |
| 005 |
20191204153804.0 |
| 008 |
990107s1999 nju 000 0 eng d |
| 035 |
|
|
|a (OCoLC)ocm43042296
|
| 035 |
|
|
|a (OCoLC)43042296
|
| 035 |
|
|
|z (UtOrBLW)52238
|
| 035 |
|
|
|a 73122
|
| 040 |
|
|
|a MNP
|c MNP
|d OCL
|d OCLCQ
|d TMV
|d UtOrBLW
|
| 049 |
|
|
|a TMVM
|
| 060 |
|
4 |
|a SF 992.N88
|b P9857z 1998
|
| 111 |
2 |
|
|a Purina Nutrition Forum
|d (1998 :
|c Saint Louis, Mo.)
|
| 245 |
1 |
0 |
|a 1998 Purina Nutrition Forum proceedings :
|b June 4-6, 1998, St. Louis, Missouri.
|
| 264 |
|
1 |
|a [Trenton, N.J.] :
|b Veterinary Learning Systems,
|c [1999]
|
| 264 |
|
4 |
|c ©1999
|
| 300 |
|
|
|a iv, 64 pages :
|b illustrations ;
|c 27 cm.
|
| 336 |
|
|
|a text
|2 rdacontent
|b txt
|
| 337 |
|
|
|a unmediated
|2 rdamedia
|
| 338 |
|
|
|a volume
|2 rdacarrier
|b nc
|
| 500 |
|
|
|a Title from cover.
|
| 500 |
|
|
|a "A supplement to Compenduim on Continuing Education for the Practicing Veterinarian, Volume 21, Number 11(K), November 1999."
|
| 505 |
0 |
|
|a Nutrition and renal function in cats and dogs -- Acid-base, electrolytes, and renal failure -- Effects of dietary protein intake on renal functions -- Effects of dietary lipids on renal function in dogs and cats -- Protein in life stage nutrition -- Mythology of protein restriction for dogs with reduced renal function -- Effect of moderate protein deficiency on immune function -- No consequences of restricted and high dietary protein on skeletal development of Great Dane dogs -- Role of dietary protein in weight management -- Factors influencing lean body mass in aging dogs -- Petfood ingredients and ingredient processing affect dietary protein quality -- Research Abstracts -- Selected animal and plant protein source effects on nutrient digestibility and fecal characteristics of ileal-cannulated dogs -- Soybean hulls as a dietary fiber source for dogs -- Dietary fiber content of selected feedstuffs varies depending on the metholology employed -- Quantification of starch fractions in selected starchy petfood ingredients -- Effects of varying extrusion conditions on the alteration of starch fractions in selected cereal grains -- Characterization of the predominant aerobic microflora in feces samples of dogs fed an extruded dry petfood -- Endocrine responses to dietary fat and physical conditioning in canine athletes during treadmill exercise -- Change in GH-IGF-1 axis in obese dogs with possible consequences for osteoarthritis -- Dietary trial in dogs in inflammatory bowel disease utilizing a hydrolyzed protein diet -- Effects of uncontrolled and standardized dietary intake on fasting and postprandial serum ionized magnesiium and calcium concentrations in normal dogs -- Serum ionized magnesium and calcium concentrations in a population of sick dogs and cats -- Effects of sample handling and storage on serum ionized magnesium and calcium concentrations and pH -- Effects of dietray magnesium (restricted and supplemented) on fasting serum ionized magnesium and calcium concentratins in normal cats -- Agreement between urine pH measurements made by dipstrip and pH meter -- Comparison of struvite activity product ratios and relative supersaturations in urine collected from healthy cats consuming four struvite management diets -- Adult cats tolerate excess vitamin A with minimal toxicity -- Fibronectin and monocyte function as indicators of nutritional status in the cat -- Gastric emptying of diets varying in macronutrient composition in cats -- Web trials and tribulations -- Evaluation of veterinary freshmen, sophomore, and junior self-efficacy assessment for nutrition skills -- Proposed "product family" criteria for nutritional adequacy substantiation
|
| 650 |
|
2 |
|a Dog Diseases.
|
| 650 |
|
2 |
|a Diet Therapy
|x veterinary.
|
| 650 |
|
2 |
|a Cat Diseases.
|
| 650 |
|
2 |
|a Dogs
|x physiology.
|
| 650 |
|
2 |
|a Cats
|x physiology.
|
| 650 |
|
2 |
|a Animal Nutritional Physiological Phenomena.
|
| 650 |
|
2 |
|a Pets.
|
| 730 |
0 |
|
|a Compendium on continuing education for the practicing veterinarian.
|n Vol. 21, no. 11K. Supplement.
|
| 994 |
|
|
|a C0
|b TMV
|
| 999 |
|
|
|a MARS
|
| 999 |
f |
f |
|s 9e68b652-e2d1-381d-8f04-1a5eb95da391
|i c87f5100-7b4d-3101-916d-78da17986cff
|t 0
|
| 952 |
f |
f |
|p preservation
|a Texas A&M University
|b J.J. Pickle Campus
|c High Density Repository
|d Remote Storage
|t 0
|e SF 992.N88 P9857z 1998
|h National Library of Medicine classification
|i unmediated -- volume
|m 3238902160865
|
| 998 |
f |
f |
|a SF 992.N88 P9857z 1998
|t 0
|l Remote Storage
|